000 00845cab a2200265 4500
001 ABS54407
008 090401t1996 xxu||||| |||| 00| 0 eng d
035 _a(Sirsi) u10147
041 _aeng
100 _aHancock, C.
245 _aCan a surveyor escape liability?
260 _c1996
350 _a0
490 _aEstates Times
_v(1310) 2 February 1996, (8)
520 _aDiscusses the decision in "McCullagh v Lane Fox" CA 1995, liability and duty of care and the role of disclaimers under the Property Misdescriptions Act 1991.
650 _aDISCLAIMERS
650 _aDUTY OF CARE
650 _aLIABILITY
650 _aMCCULLAGH V LANE FOX
650 _aMISREPRESENTATION
650 _aPROPERTY MISDESCRIPTIONS ACT 1991
690 _aMANAGEMENT-BUSINESS MANAGEMENT-PROFESSIONAL PRACTICE
942 _n0
948 _c04/03/1997
999 _c6379
_d6379